Trendy 2025 - Statystyki

Ogólne statystyki
  • Ten quiz został rozwiązany 22 razy
  • Średni wynik to 6 z 9
Statystyki odpowiedzi
Opis Trend % Poprawnych
czekolada pistacjowa dubai chocolate
95%
drogie upiorne lalki z Japonii labubu
90%
odnajdywanie w życiu codziennym zestawienia tych dwóch liczb six seven
90%
postacie AI typu Tung Tung Tung Sahur brainrot
75%
herbata z Japonii matcha
65%
zyskiwanie i tracenie punktów za sytuacje godne podziwu lub uniżenia aura
50%
zwalanie porażek na pewnego polityka wina Tuska
50%
to zwierzę przeciwko 100 ludziom goryl
25%
Wakacje z tym biurem podróży Jet2
25%
Nie znaleziono quizów pasujących do podanych kryteriów
Rozkład punktacji
Procent ludzi z każdym wynikiem
Percentyl według liczby udzielonych odpowiedzi
Twoja historia wyników
Nie rozwiązałeś tego quizu